[Event "MCRE_CF11"]
[Site "?"]
[Date "2006.??.??"]
[Round "?"]
[White "Havlik, Lumir"]
[Black "Kratochvil, Vaclav"]
[Result "1/2-1/2"]
[WhiteElo "2113"]
[BlackElo "2143"]
[PlyCount "56"]
[EventDate "2006.??.??"]
[EventType "corr"]
[EventRounds "2"]
[SourceDate "2006.08.10"]

1. d4 d5 2. c4 e6 3. Nc3 Nf6 4. Bg5 Be7 5. e3 O-O 6. Nf3 Nbd7 7. Rc1 c6 8. Bd3
dxc4 9. Bxc4 Nd5 10. Bxe7 Qxe7 11. Ne4 N5f6 12. Nxf6+ Qxf6 13. O-O e5 14. e4
Re8 15. dxe5 Nxe5 16. Nxe5 Qxe5 17. Qb3 Qc7 18. Rfd1 Be6 19. Bxe6 Rxe6 20. Rd4
Re7 21. f3 Rd8 22. Rxd8+ Qxd8 23. Rd1 Rd7 24. Rxd7 Qxd7 25. Qe3 h5 26. Kf2 Qd1
27. h4 Qc2+ 28. Qe2 Qc1 1/2-1/2

[Event "MCRE_CF11"]
[Site "?"]
[Date "2006.??.??"]
[Round "?"]
[White "Fric, Pavel"]
[Black "Hnilicka, Michal"]
[Result "1-0"]
[WhiteElo "2000"]
[BlackElo "2126"]
[PlyCount "27"]
[EventDate "2006.??.??"]
[EventType "corr"]
[EventRounds "2"]
[SourceDate "2006.08.10"]

1. d4 Nf6 2. c4 g6 3. Nc3 d5 4. Nf3 Bg7 5. Qb3 dxc4 6. Qxc4 O-O 7. e4 Bg4 8.
Be3 Nfd7 9. Qb3 Nb6 10. Rd1 Nc6 11. d5 Ne5 12. Be2 Nxf3+ 13. gxf3 Qd7 14. fxg4
1-0

[Event "MCRE_CF11"]
[Site "?"]
[Date "2006.??.??"]
[Round "?"]
[White "Fric, Pavel"]
[Black "Lehovcova, Jana"]
[Result "1-0"]
[WhiteElo "2000"]
[BlackElo "1849"]
[PlyCount "47"]
[EventDate "2006.??.??"]
[EventType "corr"]
[EventRounds "2"]
[SourceDate "2006.08.10"]

1. e4 e5 2. Nf3 Nf6 3. Nxe5 Qe7 4. d4 d6 5. Nf3 Qxe4+ 6. Be2 Be7 7. Nc3 Qf5 8.
d5 O-O 9. Nd4 Qe5 10. f4 Qxd5 11. Nxd5 Nxd5 12. O-O Nf6 13. g4 d5 14. f5 c6 15.
g5 Ne8 16. f6 Bc5 17. c3 Nd7 18. Qc2 gxf6 19. Bd3 Kh8 20. Bxh7 Ne5 21. Kh1 fxg5
22. Bxg5 Ng7 23. Rf6 Ng4 24. Rg1 1-0

[Event "MCRE_CF11"]
[Site "?"]
[Date "2006.??.??"]
[Round "?"]
[White "Fric, Pavel"]
[Black "Kratochvil, Vaclav"]
[Result "1-0"]
[WhiteElo "2000"]
[BlackElo "2143"]
[PlyCount "119"]
[EventDate "2006.??.??"]
[EventType "corr"]
[EventRounds "2"]
[SourceDate "2006.08.10"]

1. d4 d5 2. c4 e6 3. Nc3 Nf6 4. cxd5 exd5 5. Bg5 c6 6. Qc2 Be7 7. e3 Nbd7 8.
Bd3 O-O 9. Nge2 Re8 10. O-O Nf8 11. f3 Nh5 12. Bxe7 Rxe7 13. e4 dxe4 14. fxe4
Ne6 15. d5 Nc5 16. Kh1 Nf6 17. Rad1 Ng4 18. Qc1 Qd6 19. Nf4 Nxd3 20. Rxd3 c5
21. Rg3 Bd7 22. h3 Ne5 23. Nh5 Ng6 24. Rf6 Qe5 25. d6 Re6 26. Rf5 Qxd6 27. Nd5
Bc6 28. Qc3 f6 29. Rd3 Bxd5 30. Rfxd5 Qf8 31. Rd7 Re7 32. Qb3+ Qf7 33. Rxe7
Nxe7 34. Qxb7 Re8 35. Nf4 g5 36. Ne2 f5 37. Qxa7 fxe4 38. Rd1 Qf2 39. Nc3 e3
40. Qd7 Qf7 41. Ne4 e2 42. Re1 Qf1+ 43. Kh2 Kf8 44. Qd2 Nd5 45. Rxe2 Qf4+ 46.
Kg1 Qxd2 47. Rxd2 Rxe4 48. Rxd5 Re2 49. Rxc5 Rxb2 50. Rf5+ Ke8 51. Rxg5 Kf7 52.
a4 Ra2 53. a5 Kf6 54. Rb5 Kf7 55. g4 Kg7 56. Rh5 Kg8 57. Kf1 Kg7 58. Ke1 Kg6
59. Kd1 Kg7 60. Kc1 1-0

[Event "MCRE_CF11"]
[Site "?"]
[Date "2006.??.??"]
[Round "?"]
[White "Kratochvil, Vaclav"]
[Black "Fric, Pavel"]
[Result "0-1"]
[WhiteElo "2143"]
[BlackElo "2000"]
[PlyCount "138"]
[EventDate "2006.??.??"]
[EventType "corr"]
[EventRounds "2"]
[SourceDate "2006.08.10"]

1. e4 c5 2. Nf3 d6 3. d4 cxd4 4. Nxd4 Nf6 5. Nc3 a6 6. Bg5 e6 7. f4 Qb6 8. Nb3
Be7 9. Be2 Nbd7 10. Qd3 Qc7 11. Bf3 h6 12. Bxf6 Nxf6 13. O-O-O e5 14. f5 b5 15.
a3 h5 16. g3 Bd7 17. h3 O-O-O 18. g4 hxg4 19. hxg4 Bc6 20. Kb1 Kb8 21. Nd5 Bxd5
22. exd5 Nd7 23. Qd2 Nb6 24. Na5 Nc4 25. Nxc4 Qxc4 26. g5 Rc8 27. Bh5 Qf4 28.
Qxf4 exf4 29. Bxf7 Bxg5 30. Be6 Rxh1 31. Rxh1 Rc4 32. Rf1 Re4 33. c3 Re2 34.
Rf3 Ka7 35. Kc1 Kb6 36. Bc8 a5 37. Bd7 Rg2 38. Bc6 Kc5 39. b4+ Kb6 40. Be8 Ra2
41. bxa5+ Kxa5 42. Kb1 Rxa3 43. Kb2 Ra4 44. Kc2 Bf6 45. Kb3 Kb6 46. Bh5 Kc5 47.
Rd3 Rc4 48. Bf3 Be5 49. Bg4 b4 50. cxb4+ Rxb4+ 51. Kc2 Bd4 52. Bf3 Kc4 53. Rd2
Ra4 54. Kd1 Ra3 55. Ke2 Rc3 56. Rd1 Re3+ 57. Kf2 Re5+ 58. Kg2 Rxf5 59. Rc1+ Bc3
60. Bg4 Re5 61. Rf1 Bd2 62. Ra1 Re3 63. Bf3 g5 64. Kf2 Bb4 65. Rc1+ Bc3 66. Rc2
Kd3 67. Rc1 Bd4 68. Rd1+ Kc4 69. Rd2 g4 0-1

[Event "MCRE_CF11"]
[Site "?"]
[Date "2006.??.??"]
[Round "?"]
[White "Kratochvil, Vaclav"]
[Black "Havlik, Lumir"]
[Result "1/2-1/2"]
[WhiteElo "2143"]
[BlackElo "2113"]
[PlyCount "112"]
[EventDate "2006.??.??"]
[EventType "corr"]
[EventRounds "2"]
[SourceDate "2006.08.10"]

1. e4 e5 2. Nf3 Nc6 3. Bb5 Nf6 4. O-O Nxe4 5. d4 Nd6 6. Bxc6 dxc6 7. dxe5 Nf5
8. Qxd8+ Kxd8 9. Nc3 h6 10. b3 Bd7 11. Bb2 Kc8 12. Rad1 b6 13. h3 Ne7 14. Rd2
c5 15. Rfd1 Be6 16. Ne2 g5 17. Rd8+ Kb7 18. Rxa8 Kxa8 19. h4 gxh4 20. Nxh4 Bg7
21. Nf4 Bc8 22. Re1 Rf8 23. Nh5 Bh8 24. Bc1 Nc6 25. Bxh6 Re8 26. f4 Bxe5 27.
fxe5 Rh8 28. Nf4 Rxh6 29. Nf3 Kb8 30. c3 Rh8 31. Kf2 Re8 32. Nd5 Be6 33. Nf6
Rd8 34. Ne4 Rd3 35. Re3 Rd1 36. Neg5 Nd8 37. Re1 Rxe1 38. Kxe1 Bf5 39. Kd2 Kc8
40. Ke3 Bb1 41. a3 Kd7 42. Ne4 Bc2 43. b4 Ne6 44. bxc5 Bxe4 45. Kxe4 Nxc5+ 46.
Kf5 b5 47. Nd4 a6 48. g4 Ke7 49. Nc6+ Ke8 50. Nb4 a5 51. Nc6 Na4 52. Nxa5 Nxc3
53. Nc6 Kd7 54. Nb8+ Ke7 55. Na6 c6 56. g5 Nb1 1/2-1/2

[Event "MCRE_CF11"]
[Site "?"]
[Date "2006.??.??"]
[Round "?"]
[White "Kratochvil, Vaclav"]
[Black "Hnilicka, Michal"]
[Result "1/2-1/2"]
[WhiteElo "2143"]
[BlackElo "2126"]
[PlyCount "115"]
[EventDate "2006.??.??"]
[EventType "corr"]
[EventRounds "2"]
[SourceDate "2006.08.10"]

1. e4 e5 2. Nf3 Nc6 3. Bb5 a6 4. Ba4 Nf6 5. O-O Be7 6. Re1 b5 7. Bb3 O-O 8. c3
d5 9. exd5 Nxd5 10. Nxe5 Nxe5 11. Rxe5 c6 12. d4 Bd6 13. Re1 Qh4 14. g3 Qh3 15.
Be3 Bg4 16. Qd3 f5 17. f4 g5 18. Qf1 Qh5 19. Nd2 Kh8 20. Bxd5 cxd5 21. fxg5 f4
22. Bxf4 Rxf4 23. gxf4 Rf8 24. Re5 Bxe5 25. dxe5 h6 26. Re1 hxg5 27. f5 Rxf5
28. Qg2 Bh3 29. Qe2 Qxe2 30. Rxe2 Kg7 31. Re3 g4 32. Re1 Kf7 33. Nb3 Rf4 34. a3
Re4 35. Rxe4 dxe4 36. Nc5 e3 37. Nxa6 Ke6 38. Nc7+ Kxe5 39. Nxb5 g3 40. hxg3
Ke4 41. Nd4 Kd3 42. a4 Kd2 43. Kh2 Bc8 44. Kg2 Bb7+ 45. Kg1 Bc8 46. a5 Kd1 47.
Kh2 e2 48. Nxe2 Kxe2 49. Kg2 Ke3 50. Kf1 Kd3 51. Kf2 Kc2 52. Ke3 Kxb2 53. Kd4
Kb3 54. c4 Kb4 55. Kd5 Kxa5 56. c5 Kb5 57. c6 Kb6 58. Kd6 1/2-1/2

[Event "MCRE_CF11"]
[Site "?"]
[Date "2006.??.??"]
[Round "?"]
[White "Pauschek, Roman"]
[Black "Kratochvil, Vaclav"]
[Result "0-1"]
[WhiteElo "2149"]
[BlackElo "2143"]
[PlyCount "87"]
[EventDate "2006.??.??"]
[EventType "corr"]
[EventRounds "2"]
[SourceDate "2006.08.10"]

1. d4 d5 2. c4 e6 3. Nc3 Nf6 4. Nf3 c6 5. Bg5 dxc4 6. e4 b5 7. e5 h6 8. Bh4 g5
9. Nxg5 hxg5 10. Bxg5 Nbd7 11. g3 Qa5 12. exf6 Ba6 13. Qf3 b4 14. Ne4 Rd8 15.
Bf4 Nb6 16. Be2 Bb7 17. O-O Qf5 18. g4 Rg8 19. Ng3 Qh7 20. Be5 Rd7 21. Qe3 c5
22. f3 cxd4 23. Bxd4 Nd5 24. Qe5 Bd6 25. Qh5 Qxh5 26. Nxh5 Rc7 27. a3 bxa3 28.
bxa3 Kd7 29. Rfc1 c3 30. Bd3 Ba8 31. h4 Rb8 32. Be4 Rb3 33. a4 a5 34. Bf2 Ba3
35. Rc2 Bb7 36. Be1 Ne3 37. Rxc3 Rcxc3 38. Bxb7 Rc4 39. Ba6 Rxa4 40. Bf2 Rab4
41. Bxe3 Rxe3 42. Kf2 Rbb3 43. Be2 Bc5 44. Kf1 0-1

[Event "MCRE_CF11"]
[Site "?"]
[Date "2006.??.??"]
[Round "?"]
[White "Kratochvil, Vaclav"]
[Black "Pauschek, Roman"]
[Result "1-0"]
[WhiteElo "2143"]
[BlackElo "2149"]
[PlyCount "89"]
[EventDate "2006.??.??"]
[EventType "corr"]
[EventRounds "2"]
[SourceDate "2006.08.10"]

1. e4 e5 2. Nf3 Nc6 3. Bb5 a6 4. Ba4 Nf6 5. O-O Be7 6. Re1 b5 7. Bb3 d6 8. c3
O-O 9. h3 Bb7 10. d4 Re8 11. Nbd2 Bf8 12. Bc2 h6 13. a3 Nb8 14. b3 Nbd7 15. Bb2
g6 16. a4 c6 17. Bd3 Qc7 18. axb5 axb5 19. Rxa8 Rxa8 20. Qc2 Nh5 21. c4 bxc4
22. Bxc4 Nf4 23. dxe5 dxe5 24. Rd1 Bg7 25. b4 Rb8 26. Nb3 Bc8 27. b5 c5 28. Bc1
Rb6 29. Be3 Bf8 30. Na5 Rf6 31. Bxf4 Rxf4 32. Nc6 Rf6 33. Ra1 Kg7 34. Qb2 Bd6
35. Bd5 Bb7 36. Ra7 Qb6 37. Rxb7 Qxb7 38. Ncxe5 Qa7 39. Nxd7 Qxd7 40. e5 Bxe5
41. Qxe5 Qxb5 42. Nd2 Qd3 43. Ne4 Qd1+ 44. Kh2 Qd4 45. Qxd4 1-0

[Event "MCRE_CF11"]
[Site "?"]
[Date "2006.??.??"]
[Round "?"]
[White "Pauschek, Roman"]
[Black "Fric, Pavel"]
[Result "0-1"]
[WhiteElo "2149"]
[BlackElo "2000"]
[PlyCount "69"]
[EventDate "2006.??.??"]
[EventType "corr"]
[EventRounds "2"]
[SourceDate "2006.08.10"]

1. d4 d5 2. c4 e5 3. dxe5 d4 4. Nf3 Nc6 5. g3 Bf5 6. Bg2 Qd7 7. O-O Nge7 8. Qb3
O-O-O 9. Rd1 Na5 10. Qb5 Nec6 11. Bd2 Bc2 12. Rc1 a6 13. Qd5 Qe8 14. Rxc2 Rxd5
15. cxd5 Nb4 16. Rc1 Qa4 17. d6 Nbc6 18. Ng5 cxd6 19. Nxf7 Nb3 20. axb3 Qxa1
21. Nxh8 Qxb2 22. Nf7 Kd7 23. e6+ Kxe6 24. Ng5+ Kd7 25. Bd5 h6 26. Ne6 Be7 27.
Re1 Bf6 28. Nf8+ Kc8 29. Be6+ Kd8 30. Bc4 Ke8 31. Ne6 Be5 32. Nc7+ Kd8 33. Na8
d3 34. Bxd3 Qxb3 35. Rc1 0-1

[Event "MCRE_CF11"]
[Site "?"]
[Date "2006.??.??"]
[Round "?"]
[White "Fric, Pavel"]
[Black "Pauschek, Roman"]
[Result "1-0"]
[WhiteElo "2000"]
[BlackElo "2149"]
[PlyCount "70"]
[EventDate "2006.??.??"]
[EventType "corr"]
[EventRounds "2"]
[SourceDate "2006.08.10"]

1. e4 e5 2. Nf3 Nc6 3. d4 exd4 4. Nxd4 Bc5 5. Be3 Qf6 6. c3 Nge7 7. Bc4 Ne5 8.
Be2 Qg6 9. O-O d6 10. f3 O-O 11. Nd2 d5 12. f4 N5c6 13. Bh5 Qf6 14. N2b3 Bxd4
15. Bxd4 Nxd4 16. e5 Qh6 17. cxd4 a5 18. Rc1 a4 19. Nc5 a3 20. b4 b6 21. Nb3 c6
22. Be2 Bf5 23. Rc3 f6 24. g3 Qh3 25. Bf3 Be4 26. Nd2 Bxf3 27. Nxf3 Qe6 28. Qc2
Ra7 29. Re1 Qd7 30. exf6 Rxf6 31. Qc1 Qd8 32. Rxa3 Rxa3 33. Qxa3 Nf5 34. Qa6 b5
35. g4 Rg6 1-0

[Event "MCRE_CF11"]
[Site "?"]
[Date "2006.??.??"]
[Round "?"]
[White "Zednik, Martin"]
[Black "Fric, Pavel"]
[Result "1/2-1/2"]
[WhiteElo "2040"]
[BlackElo "2000"]
[PlyCount "78"]
[EventDate "2006.??.??"]
[EventType "corr"]
[EventRounds "2"]
[SourceDate "2006.08.10"]

1. e4 c5 2. Nf3 d6 3. d4 cxd4 4. Nxd4 Nf6 5. Nc3 a6 6. f4 e5 7. Nf3 Nbd7 8. Bc4
Be7 9. a4 Qa5 10. Qe2 O-O 11. O-O exf4 12. Bxf4 Ne5 13. Nd5 Nxd5 14. Bxd5 Be6
15. Bxe6 Nxf3+ 16. Qxf3 fxe6 17. Qb3 Qc5+ 18. Be3 Rxf1+ 19. Rxf1 Qc8 20. Bd4
Qd7 21. Qg3 g6 22. b3 Rf8 23. c4 Bd8 24. Rxf8+ Kxf8 25. Qh3 Ba5 26. Qf3+ Kg8
27. Qf6 e5 28. Be3 Bd8 29. Qf3 Kg7 30. h3 Ba5 31. Kh2 Qe7 32. Qg4 Bb4 33. Bg5
Qf7 34. Qh4 h5 35. Qg3 Bc5 36. Qe1 Bb6 37. a5 Bd4 38. Bd2 Qe7 39. Qf1 Qe6
1/2-1/2

[Event "MCRE_CF11"]
[Site "?"]
[Date "2006.??.??"]
[Round "?"]
[White "Lehovcova, Jana"]
[Black "Pauschek, Roman"]
[Result "1-0"]
[WhiteElo "1849"]
[BlackElo "2149"]
[PlyCount "55"]
[EventDate "2006.??.??"]
[EventType "corr"]
[EventRounds "2"]
[SourceDate "2006.08.10"]

1. e4 e5 2. Nf3 Nc6 3. Bb5 a6 4. Ba4 Nf6 5. d3 d6 6. Nc3 Be7 7. Bxc6+ bxc6 8.
d4 exd4 9. Nxd4 Bd7 10. O-O O-O 11. Re1 Re8 12. Rb1 c5 13. Nf3 Bc6 14. b3 Ng4
15. Bf4 Bf6 16. Nd5 Ne5 17. Bxe5 Bxe5 18. Qd3 Bd7 19. Nxe5 Rxe5 20. c4 Rh5 21.
Rbd1 Bg4 22. Rd2 Be6 23. Qg3 a5 24. f4 a4 25. e5 Bxd5 26. cxd5 axb3 27. axb3
Qh4 28. Qxh4 1-0

[Event "MCRE_CF11"]
[Site "?"]
[Date "2006.??.??"]
[Round "?"]
[White "Pauschek, Roman"]
[Black "Lehovcova, Jana"]
[Result "0-1"]
[WhiteElo "2149"]
[BlackElo "1849"]
[PlyCount "56"]
[EventDate "2006.??.??"]
[EventType "corr"]
[EventRounds "2"]
[SourceDate "2006.08.10"]

1. e4 e5 2. Nf3 Nf6 3. d4 exd4 4. e5 Ne4 5. Qxd4 d5 6. exd6 Nxd6 7. Bd3 Qe7+ 8.
Be3 Bf5 9. Nc3 Nc6 10. Qf4 Bxd3 11. cxd3 Qd7 12. O-O Nf5 13. Nb5 Bd6 14. Nxd6+
cxd6 15. Rfe1 O-O 16. Bd2 Rfe8 17. Bc3 Rad8 18. Rac1 f6 19. a3 Ne5 20. Rcd1 Ng6
21. Qg4 Nfe7 22. Qxd7 Rxd7 23. Kf1 Rc8 24. d4 Nf4 25. g3 Nfd5 26. Bd2 Rc2 27.
b3 Nc6 28. h4 Kf7 0-1

[Event "MCRE_CF11"]
[Site "?"]
[Date "2006.??.??"]
[Round "?"]
[White "Fric, Pavel"]
[Black "Havlik, Lumir"]
[Result "1-0"]
[WhiteElo "2000"]
[BlackElo "2113"]
[PlyCount "61"]
[EventDate "2006.??.??"]
[EventType "corr"]
[EventRounds "2"]
[SourceDate "2006.08.10"]

1. e4 e5 2. Nf3 Nc6 3. d4 exd4 4. Nxd4 Bc5 5. Nxc6 Qf6 6. Qd2 Qxc6 7. Bd3 Nf6
8. O-O O-O 9. b4 Bb6 10. c4 Bd4 11. Nc3 d6 12. Bb2 Re8 13. Nd5 Bxb2 14. Qxb2
Ng4 15. Be2 Be6 16. a4 Qd7 17. Bxg4 Bxg4 18. Ra3 Bh5 19. Rg3 Bg6 20. f4 c6 21.
Ne3 Rxe4 22. f5 Rxe3 23. Rxe3 Bxf5 24. Qd4 a5 25. b5 Rd8 26. Rfe1 Be6 27. Qa7
cxb5 28. cxb5 d5 29. Rd3 Qc7 30. b6 Qc5+ 31. Kh1 1-0

[Event "MCRE_CF11"]
[Site "?"]
[Date "2006.??.??"]
[Round "?"]
[White "Havlik, Lumir"]
[Black "Fric, Pavel"]
[Result "0-1"]
[WhiteElo "2113"]
[BlackElo "2000"]
[PlyCount "62"]
[EventDate "2006.??.??"]
[EventType "corr"]
[EventRounds "2"]
[SourceDate "2006.08.10"]

1. d4 d5 2. c4 e5 3. dxe5 d4 4. Nf3 Nc6 5. a3 Nge7 6. Bg5 Bg4 7. Nbd2 h6 8.
Bxe7 Qxe7 9. h3 Bf5 10. g4 Bh7 11. Qb3 O-O-O 12. Bg2 f6 13. exf6 Qxf6 14. O-O-O
Bd6 15. Ne1 Rde8 16. Bf3 Bf4 17. Nd3 Bxd3 18. Qxd3 Ne5 19. Qb3 Nxf3 20. Qxf3 c5
21. Rhf1 Bxd2+ 22. Rxd2 Qxf3 23. exf3 Rhf8 24. Rd3 Re2 25. h4 Kc7 26. h5 Rf4
27. b4 b5 28. cxb5 c4 29. Rd2 Rxd2 30. Kxd2 Kd6 31. Ke2 c3 0-1

[Event "MCRE_CF11"]
[Site "?"]
[Date "2006.??.??"]
[Round "?"]
[White "Kratochvil, Vaclav"]
[Black "Lehovcova, Jana"]
[Result "1/2-1/2"]
[WhiteElo "2143"]
[BlackElo "1849"]
[PlyCount "129"]
[EventDate "2006.??.??"]
[EventType "corr"]
[EventRounds "2"]
[SourceDate "2006.08.10"]

1. e4 e5 2. Nf3 Nf6 3. d4 exd4 4. e5 Qe7 5. Be2 Ng4 6. Qxd4 h5 7. Nc3 Nc6 8.
Qc4 Ngxe5 9. Nxe5 Qxe5 10. Bf4 Qe6 11. Nb5 Bb4+ 12. c3 Ba5 13. Bxc7 O-O 14.
Bxa5 Nxa5 15. Qh4 Re8 16. Qxh5 Qb6 17. O-O-O g6 18. Qf3 d5 19. Bd3 Bd7 20. Qxd5
Be6 21. Qd4 Qxd4 22. Nxd4 Bxa2 23. Bc2 Bd5 24. f3 Re5 25. h4 Nc4 26. b3 Ne3 27.
Rde1 Rae8 28. Re2 Nxc2 29. Rxe5 Rxe5 30. Kxc2 a5 31. g4 b6 32. Kd3 Kg7 33. c4
Bb7 34. Rb1 Ba6 35. b4 axb4 36. Rxb4 Re1 37. Ra4 Bc8 38. Ra7 Kf6 39. g5+ Kg7
40. Rc7 Rd1+ 41. Kc3 Bh3 42. Rc6 Bf1 43. Nb5 Rd3+ 44. Kb4 Rxf3 45. Nd6 Rf4 46.
Rc7 Bd3 47. Kb5 Rxh4 48. Rxf7+ Kg8 49. Rc7 Rd4 50. Ne8 Bxc4+ 51. Rxc4 Rd5+ 52.
Kxb6 Rxg5 53. Rc1 Kf7 54. Nd6+ Ke6 55. Kc6 Rg2 56. Re1+ Kf6 57. Kd7 Rd2 58.
Re6+ Kg5 59. Re4 Kf6 60. Re1 Rg2 61. Re6+ Kg5 62. Re5+ Kg4 63. Re8 g5 64. Rf8
Re2 65. Kc6 1/2-1/2

[Event "MCRE_CF11"]
[Site "?"]
[Date "2006.??.??"]
[Round "?"]
[White "Havlik, Lumir"]
[Black "Pauschek, Roman"]
[Result "1/2-1/2"]
[WhiteElo "2113"]
[BlackElo "2149"]
[PlyCount "63"]
[EventDate "2006.??.??"]
[EventType "corr"]
[EventRounds "2"]
[SourceDate "2006.08.10"]

1. d4 d5 2. c4 e6 3. Nc3 Nf6 4. Bg5 Be7 5. e3 O-O 6. Nf3 h6 7. Bxf6 Bxf6 8. Qc2
Nc6 9. Be2 dxc4 10. Bxc4 e5 11. dxe5 Nxe5 12. Nxe5 Bxe5 13. Be2 c6 14. O-O Qh4
15. g3 Qf6 16. Rfd1 Bf5 17. Bd3 Bg4 18. Be2 Bxe2 19. Nxe2 Rad8 20. Nc3 Rfe8 21.
Rac1 Qf3 22. Rxd8 Rxd8 23. Rd1 Rxd1+ 24. Qxd1 Qxd1+ 25. Nxd1 f5 26. f4 Bf6 27.
Kf2 g5 28. fxg5 hxg5 29. e4 fxe4 30. Ke3 Kf7 31. Kxe4 Ke6 32. b3 1/2-1/2

[Event "MCRE_CF11"]
[Site "?"]
[Date "2006.??.??"]
[Round "?"]
[White "Pauschek, Roman"]
[Black "Havlik, Lumir"]
[Result "1/2-1/2"]
[WhiteElo "2149"]
[BlackElo "2113"]
[PlyCount "60"]
[EventDate "2006.??.??"]
[EventType "corr"]
[EventRounds "2"]
[SourceDate "2006.08.10"]

1. d4 d5 2. c4 e6 3. Nc3 Nf6 4. cxd5 exd5 5. Bg5 Be7 6. e3 c6 7. Qc2 Nbd7 8.
Bd3 Nh5 9. Bxe7 Qxe7 10. O-O-O Nb6 11. h3 g6 12. Nf3 Be6 13. Kb1 Ng7 14. g4
O-O-O 15. Na4 Nd7 16. Rc1 h5 17. g5 Bf5 18. Nc3 Kb8 19. Bxf5 Nxf5 20. h4 Nd6
21. Rhg1 Nb6 22. Ne5 Nbc4 23. Nd3 Nf5 24. Rh1 Rhe8 25. Ne2 f6 26. Rcg1 fxg5 27.
hxg5 Rg8 28. Ka1 Rdf8 29. Rh2 Qc7 30. Rh3 Qe7 1/2-1/2

[Event "MCRE_CF11"]
[Site "?"]
[Date "2006.??.??"]
[Round "?"]
[White "Havlik, Lumir"]
[Black "Hnilicka, Michal"]
[Result "1/2-1/2"]
[WhiteElo "2113"]
[BlackElo "2126"]
[PlyCount "45"]
[EventDate "2006.??.??"]
[EventType "corr"]
[EventRounds "2"]
[SourceDate "2006.08.10"]

1. d4 Nf6 2. c4 g6 3. Nc3 d5 4. cxd5 Nxd5 5. e4 Nxc3 6. bxc3 Bg7 7. Nf3 c5 8.
Be3 Qa5 9. Qd2 Nc6 10. Rb1 a6 11. Be2 O-O 12. Rb2 Bg4 13. h3 Bxf3 14. Bxf3 b5
15. e5 Rac8 16. Bxc6 Rxc6 17. O-O Rd8 18. f4 cxd4 19. Bxd4 Qc7 20. Qe3 Qd7 21.
Qf2 Rc4 22. Rd2 Qc6 23. Re1 1/2-1/2

[Event "MCRE_CF11"]
[Site "?"]
[Date "2006.??.??"]
[Round "?"]
[White "Kratochvil, Vaclav"]
[Black "Zednik, Martin"]
[Result "1-0"]
[WhiteElo "2143"]
[BlackElo "2040"]
[PlyCount "91"]
[EventDate "2006.??.??"]
[EventType "corr"]
[EventRounds "2"]
[SourceDate "2006.08.10"]

1. e4 e5 2. Nf3 Nc6 3. Bb5 a6 4. Ba4 Nf6 5. O-O Be7 6. Re1 b5 7. Bb3 d6 8. c3
O-O 9. h3 Bb7 10. d4 Re8 11. Nbd2 Bf8 12. Bc2 g6 13. d5 Ne7 14. b3 c6 15. c4
Bg7 16. Nf1 Qc7 17. Be3 Rab8 18. Ng3 bxc4 19. bxc4 Ba8 20. Qd2 Rb2 21. Rec1
Reb8 22. Qd3 R2b4 23. Bb3 c5 24. Bd2 R4b7 25. Rc3 h6 26. Bd1 Ne8 27. Nh2 Nf6
28. Ra3 Qb6 29. Be2 Kh7 30. Rf1 Neg8 31. Ng4 Qa7 32. Ne3 Rb6 33. Bd1 Qb7 34. f4
exf4 35. Rxf4 Rf8 36. Ba5 Rb1 37. Bc3 Bh8 38. Kh2 Rb6 39. Nef5 Nd7 40. Bxh8
Kxh8 41. Rh4 g5 42. Rh5 Ne5 43. Qf1 f6 44. Nxh6 Nxh6 45. Rxh6+ Kg8 46. Nh5 1-0

[Event "MCRE_CF11"]
[Site "?"]
[Date "2006.??.??"]
[Round "?"]
[White "Zednik, Martin"]
[Black "Kratochvil, Vaclav"]
[Result "0-1"]
[WhiteElo "2040"]
[BlackElo "2143"]
[PlyCount "92"]
[EventDate "2006.??.??"]
[EventType "corr"]
[EventRounds "2"]
[SourceDate "2006.08.10"]

1. e4 c5 2. Nf3 e6 3. d4 cxd4 4. Nxd4 Nc6 5. Nc3 Qc7 6. Be3 a6 7. Bd3 Nf6 8.
O-O Ne5 9. h3 Bc5 10. Kh1 d6 11. f4 Ned7 12. a3 b5 13. Bxb5 axb5 14. Ndxb5 Qb6
15. Bxc5 dxc5 16. e5 Ba6 17. a4 Nd5 18. Nxd5 exd5 19. Nd6+ Kf8 20. Qh5 g6 21.
Qh6+ Ke7 22. Rfe1 d4 23. b3 Bb7 24. Re2 Qa6 25. Rd2 Bd5 26. a5 Qc6 27. Kh2 Rhb8
28. Qh4+ f6 29. Qxh7+ Kd8 30. Qxg6 fxe5 31. Nf7+ Kc7 32. Qxc6+ Kxc6 33. Nxe5+
Nxe5 34. fxe5 Ra7 35. g4 Rh8 36. Re1 Rxa5 37. Kg3 Ra2 38. Rf2 c4 39. h4 cxb3
40. Rf6+ Kc5 41. cxb3 d3 42. Rd1 Kd4 43. b4 Rg2+ 44. Kh3 d2 45. h5 Ke3 46. e6
Bf3 0-1

[Event "MCRE_CF11"]
[Site "?"]
[Date "2006.??.??"]
[Round "?"]
[White "Pauschek, Roman"]
[Black "Hnilicka, Michal"]
[Result "1/2-1/2"]
[WhiteElo "2149"]
[BlackElo "2126"]
[PlyCount "75"]
[EventDate "2006.??.??"]
[EventType "corr"]
[EventRounds "2"]
[SourceDate "2006.08.10"]

1. e4 e5 2. Nf3 Nc6 3. Bb5 a6 4. Ba4 Nf6 5. O-O Be7 6. Re1 b5 7. Bb3 O-O 8. c3
d5 9. exd5 Nxd5 10. Nxe5 Nxe5 11. Rxe5 c6 12. d4 Bd6 13. Re1 Qh4 14. g3 Qh3 15.
Re4 g5 16. Qf3 Bf5 17. Bc2 Bxe4 18. Bxe4 Qe6 19. Bxg5 f5 20. Bd3 f4 21. Qe4 Qh3
22. Bh4 Ra7 23. Nd2 Rg7 24. Bf1 Qxh4 25. Qe6+ Rff7 26. Qxd6 fxg3 27. hxg3 Nf4
28. Ne4 Ne2+ 29. Bxe2 Qxe4 30. Re1 Qf5 31. Rf1 Rg6 32. Qc5 Qh3 33. Qe5 Rh6 34.
Qg5+ Kh8 35. Qd8+ Kg7 36. Qg5+ Kh8 37. Qd8+ Kg7 38. Qg5+ 1/2-1/2

[Event "MCRE_CF11"]
[Site "?"]
[Date "2006.??.??"]
[Round "?"]
[White "Hnilicka, Michal"]
[Black "Zednik, Martin"]
[Result "1-0"]
[WhiteElo "2126"]
[BlackElo "2040"]
[PlyCount "59"]
[EventDate "2006.??.??"]
[EventType "corr"]
[EventRounds "2"]
[SourceDate "2006.08.10"]

1. e4 e5 2. Nf3 Nc6 3. Bc4 Bc5 4. b4 Bxb4 5. c3 Bc5 6. d4 exd4 7. O-O d6 8.
cxd4 Bb6 9. Nc3 Bg4 10. Bb5 Kf8 11. Be3 Qf6 12. Nd5 Qg6 13. h3 Bxf3 14. Qxf3
Nxd4 15. Bxd4 Bxd4 16. Nxc7 Rc8 17. Rac1 Bc5 18. Nd5 Nf6 19. e5 dxe5 20. Rfd1
Nxd5 21. Rxd5 b6 22. Rxe5 Kg8 23. Rce1 Rf8 24. Rf5 h5 25. Re8 Rh6 26. Rxf8+
Bxf8 27. Bc4 Qc6 28. Rxf7 Qxf3 29. Rxf3+ Kh7 30. Rxf8 1-0

[Event "MCRE_CF11"]
[Site "?"]
[Date "2006.??.??"]
[Round "?"]
[White "Zednik, Martin"]
[Black "Hnilicka, Michal"]
[Result "1/2-1/2"]
[WhiteElo "2040"]
[BlackElo "2126"]
[PlyCount "52"]
[EventDate "2006.??.??"]
[EventType "corr"]
[EventRounds "2"]
[SourceDate "2006.08.10"]

1. e4 e5 2. Nf3 Nc6 3. Bb5 a6 4. Ba4 Nf6 5. O-O Be7 6. Re1 b5 7. Bb3 O-O 8. c3
d5 9. d4 exd4 10. e5 Ne4 11. Nxd4 Nxe5 12. Bf4 c5 13. Bxe5 cxd4 14. Bxd4 Bb7
15. Nd2 Bf6 16. Nf1 Bxd4 17. Qxd4 Qf6 18. Rad1 Rfd8 19. Qxf6 Nxf6 20. Ne3 Re8
21. Kf1 Re5 22. Rd4 Rd8 23. Red1 Kf8 24. Bc2 Ra8 25. Bb3 Rd8 26. Bc2 Ra8
1/2-1/2

[Event "MCRE_CF11"]
[Site "?"]
[Date "2006.??.??"]
[Round "?"]
[White "Hnilicka, Michal"]
[Black "Havlik, Lumir"]
[Result "1-0"]
[WhiteElo "2126"]
[BlackElo "2113"]
[PlyCount "55"]
[EventDate "2006.??.??"]
[EventType "corr"]
[EventRounds "2"]
[SourceDate "2006.08.10"]

1. e4 e5 2. Nf3 Nc6 3. Bc4 Bc5 4. b4 Bxb4 5. c3 Be7 6. d4 Na5 7. Be2 d6 8. Qa4+
c6 9. dxe5 dxe5 10. Nxe5 b5 11. Qc2 Qc7 12. Nf3 Nf6 13. e5 Nd5 14. O-O Be6 15.
Re1 Rd8 16. Bd3 h6 17. Nd4 O-O 18. Nxe6 fxe6 19. Nd2 Nf4 20. Be4 Qb6 21. Nb3
Nc4 22. Bxf4 Rxf4 23. Bf3 Bh4 24. Re2 c5 25. Nd2 Bg5 26. Nxc4 Rxc4 27. Qg6 Bf4
28. g3 1-0

[Event "MCRE_CF11"]
[Site "?"]
[Date "2006.??.??"]
[Round "?"]
[White "Zednik, Martin"]
[Black "Pauschek, Roman"]
[Result "1-0"]
[WhiteElo "2040"]
[BlackElo "2149"]
[PlyCount "65"]
[EventDate "2006.??.??"]
[EventType "corr"]
[EventRounds "2"]
[SourceDate "2006.08.10"]

1. e4 e5 2. f4 exf4 3. Nf3 d5 4. exd5 Nf6 5. Bb5+ c6 6. dxc6 bxc6 7. Bc4 Bd6 8.
Qe2+ Be7 9. d4 O-O 10. Bxf4 c5 11. Nbd2 Nc6 12. dxc5 Bxc5 13. O-O-O Qb6 14. Ne4
Nxe4 15. Qxe4 g6 16. Ne5 Rb8 17. b3 Bf5 18. Qxc6 Be3+ 19. Kb1 Bxf4 20. Qxb6
axb6 21. Nxf7 Kg7 22. g3 b5 23. gxf4 bxc4 24. Nd6 cxb3 25. Nxf5+ Rxf5 26. Rd7+
Kh6 27. cxb3 Rxf4 28. Rc1 Re8 29. Rc2 Re5 30. a4 Rh4 31. Kb2 Rh3 32. Ka3 Kg5
33. Rf7 1-0